000 00232nam a2200121Ia 4500
100 _a#N/A
942 _cBK
245 _aTampi - mobile and remote computers
260 _b#N/A
082 _b22107
546 _aENGLISH
999 _c26627
_d26627